Cenotvorba na svetovom trhu ropy v podmienkach globalizácie

Faktory cenotvorby na svetovom trhy ropy. Cenotvorba na svetovom trhu ropy v podmienkach globalizácie. Najväčší spotrebitelia ropy a ropných produktov. Najväčší importéri ropy a ropných produktov. Najväčší producenti ropy a ropných produktov.

Na minha lista:
Detalhes bibliográficos
Autor principal: Nerečová, Daniela
Formato: Capítulo de Livro
Idioma:eslovaco
Assuntos:
Tags: Adicionar Tag
Sem tags, seja o primeiro a adicionar uma tag!

MARC

LEADER 00000nla a2200000 4500
001 0198821
005 20240417075054.2
041 0 |a slo 
044 |a SK 
245 1 0 |a Cenotvorba na svetovom trhu ropy v podmienkach globalizácie  |c Daniela Nerečová 
520 |a Faktory cenotvorby na svetovom trhy ropy. Cenotvorba na svetovom trhu ropy v podmienkach globalizácie. Najväčší spotrebitelia ropy a ropných produktov. Najväčší importéri ropy a ropných produktov. Najväčší producenti ropy a ropných produktov. 
610 2 0 |a trh svetový 
610 2 0 |a globalizácia 
610 2 0 |a tvorba cien 
610 2 0 |a ropa 
610 2 0 |a ceny svetové 
100 1 |a Nerečová, Daniela